| 000 | 02340nac a22003371u 4500 | ||
|---|---|---|---|
| 010 | _a 2001000479 | ||
| 020 | _a0816636079 (HC : alk. paper) | ||
| 020 | _a0816636087 (PB : alk. paper) | ||
| 082 | 0 | 0 |
_a327 _bIDE |
| 090 |
_c8789 _d8789 |
||
| 100 | _a20080729 | ||
| 245 | 0 | 0 |
_aIdentities, borders, orders : _brethinking international relations theory / _cMathias Albert, David Jacobson, and Yosef Lapid, editors. |
| 260 |
_aMinneapolis, MN : _bUniversity of Minnesota Press,c2001. _cc2001. |
||
| 300 |
_aviii, 349 p. : _bill. ; _c24 cm. |
||
| 490 | 1 |
_aBorderlines ; _vvol. 18 |
|
| 500 | _aDistributer: Baccah. | ||
| 504 | _aIncludes bibliographical references (p. 293-325) and index. | ||
| 505 | 0 | _aWhat keeps Westphalia together? Normative differentiation in the modern system of states / Mathias Albert and Lothar Brock -- War, violence, and the Westphalian state system as a moral community / Richard W. Mansbach and Franke Wilmer -- (B)orders and (dis)orders : the role of moral authority in global politics / Ronnie D. Lipschutz -- The moÌ(bius ribbon of internal and external security(ies) / Didier Bigo -- Borders and identity in international political theory / Chris Brown -- Boundaries, borders, and barriers : changing geographic perspectives on territorial lines / David Newman -- The global political culture / David Jacobson -- Crossing the borders of order : democracy beyond the nation-state? / Antje Wiener -- Demographic boundary maintenance in world politics : of international norms on dual nationality / Rey Koslowski -- Now and then, here and there : migration and the transformation of identities, borders, and orders / Martin O. Heisler -- The political nature of identities, borders, and orders : discourse and strategy in the Zapatista rebellion / Neil Harvey. | |
| 511 | _aCatalogued By: Mahitab. | ||
| 650 | 0 | _aInternational relations. | |
| 650 | 0 | _aNational state. | |
| 650 | 0 | _aTerritory, National. | |
| 650 | 0 | _aBoundaries. | |
| 650 | 0 | _aGeopolitics. | |
| 700 | 1 | _aAlbert, Mathias. | |
| 700 | 1 |
_aJacobson, David, _d1959- |
|
| 700 | 1 |
_aLapid, Yosef, _d1947- |
|
| 830 | 0 | _aBorderlines (Minneapolis, Minn.) ; | |
| 942 |
_cBB _k327IDE |
||
| 999 |
_c8789 _d8789 |
||